100 prénoms féminins les plus populaires au Québec - 2005 - Statistiques

Statistiques générales
  • Ce quiz a été pris 21 fois
  • Le résultat moyen est 34 sur 100
Statistiques - réponses
Réponse % Correct
Marie
88%
Emma
75%
Léa
75%
Sophie
75%
Emilie
69%
Emily
69%
Charlotte
63%
Chloé
63%
Julia
63%
Juliette
63%
Maria
63%
Sara
63%
Sarah
63%
Zoé
63%
Béatrice
56%
Camille
56%
Charlie
56%
Elisabeth
56%
Rosalie
56%
Rose
56%
Alice
50%
Alicia
50%
Jeanne
50%
Justine
50%
Laura
50%
Laurie
50%
Olivia
50%
Amélie
44%
Elodie
44%
Gabrielle
44%
Mathilde
44%
Victoria
44%
Alexandra
38%
Aurélie
38%
Catherine
38%
Clara
38%
Eve
38%
Florence
38%
Léanne
38%
Maude
38%
Mélodie
38%
Noémie
38%
Raphaëlle
38%
Sofia
38%
Amélia
31%
Anaïs
31%
Annabelle
31%
Audrey
31%
Elizabeth
31%
Jade
31%
Julianne
31%
Laurence
31%
Marianne
31%
Megan
31%
Mégane
31%
Mia
31%
Rebecca
31%
Éloïse
25%
Emy
25%
Laurianne
25%
Léonie
25%
Maéva
25%
Maya
25%
Naomie
25%
Océane
25%
Océanne
25%
Sandrine
25%
Yasmine
25%
Alexia
19%
Anne-Sophie
19%
Ariane
19%
Arianne
19%
Frédérique
19%
Jasmine
19%
Léane
19%
Lina
19%
Magalie
19%
Maïka
19%
Marilou
19%
Mélissa
19%
Myriam
19%
Alycia
13%
Alyssa
13%
Amy
13%
Coralie
13%
Éliane
13%
Erika
13%
Jessica
13%
Kayla
13%
Kelly-Ann
13%
Mélina
13%
Sabrina
13%
Anabelle
6%
Aya
6%
Daphné
6%
Marika
6%
Mya
6%
Alyson
0%
Daphnée
0%
Lydia
0%
Aucun quiz correspondant
Distribution des résultats
% des personnes avec chaque résultat
Percentile par nombre de réponses
Votre historique - résultats
Vous n’avez pas pris ce quiz